[Event "POL-chT2 South U19"]
[Site "Rudnik"]
[Date "2000.??.??"]
[Round "9.4"]
[White "Dudys, Jakub"]
[Black "Rogulski, Jerzy"]
[Result "1-0"]
[WhiteElo "1800"]
[BlackElo "1800"]
[PlyCount "75"]
[EventDate "2000.07.20"]
[EventType "team-swiss"]
[EventRounds "10"]
[EventCountry "POL"]
[SourceTitle "EXT 2005"]
[Source "ChessBase"]
[SourceDate "2004.11.15"]
[SourceVersion "1"]
[SourceVersionDate "2004.11.15"]
[SourceQuality "1"]
[WhiteTeam "Wisla Strumien U19"]
[BlackTeam "POL-chT2 South U19 4"]
[WhiteTeamCountry "POL"]
[BlackTeamCountry "POL"]

1. e4 c5 2. Nc3 e6 3. g3 Nc6 4. Bg2 Nge7 5. d3 g6 6. f4 Bg7 7. Nf3 d5 8. e5 d4 9. Ne4 Nf5 10. g4 Nh4 11. Nd6+ Kf8 12. Bh3 Nxf3+ 13. Qxf3 Qh4+ 14. Ke2 Qe7 15. Bd2 Rb8 16. a3 a5 17. Kf2 Bd7 18. Rhf1 Nd8 19. Bxa5 Bc6 20. Qg3 b6 21. Bd2 f5 22. gxf5 gxf5 23. Rg1 Rg8 24. Bf1 Nf7 25. Nxf7 Qxf7 26. Qh4 h6 27. Be2 Be8 28. b4 Qe7 29. Qh3 Ra8 30. Bf3 Ra4 31. bxc5 bxc5 32. Rg2 Qa7 33. Rb1 Qc7 34. Rb7 Qc8 35. Qh4 Bd7 36. Bc6 Qxc6 37. Qd8+ Be8 38. Qe7# 1-0